[Event "NB II. Szechenyi csoport"]
[Site "Veszprem"]
[Date "2024.05.12"]
[Round "9.9"]
[White "Bodorkos, Ferenc"]
[Black "Matyi, Attila"]
[Result "1-0"]
[WhiteElo "1725"]
[BlackElo "1933"]
[PlyCount "129"]
[EventDate "2023.10.08"]
[EventType "team-tourn"]
[EventRounds "9"]
[EventCountry "HUN"]
[Source "chess.hu"]
[WhiteTeam "Arboretum Hereny SE"]
[BlackTeam "Ezust Huszar SE"]
[WhiteTeamCountry "HUN"]
[BlackTeamCountry "HUN"]

1. d4 Nf6 2. c4 g6 3. e3 Bg7 4. Nf3 O-O 5. Bd3 d6 6. h3 Nc6 7. O-O e5 8. dxe5
dxe5 9. Be2 Qe7 10. Na3 Rd8 11. Nd2 Ne4 12. Qe1 Nc5 13. e4 Be6 14. f3 Nd3 15.
Bxd3 Rxd3 16. Kh1 Rad8 17. Qf2 Bh6 18. Nb3 Bxc1 19. Raxc1 Nd4 20. Nxd4 R3xd4
21. Rfe1 Qg5 22. Rc2 a6 23. b3 Qf4 24. Rce2 Rd3 25. Nc2 a5 26. Ne3 c6 27. Rb2
Rc3 28. Rd2 Rd4 29. Rxd4 exd4 30. Nd1 Rd3 31. Nb2 Rd2 32. Re2 Rxe2 33. Qxe2
Qc1+ 34. Kh2 Qb1 35. Nd3 a4 36. Nc5 axb3 37. axb3 b6 38. Qd3 Qxd3 39. Nxd3 b5
40. cxb5 cxb5 41. b4 f5 42. Kg3 g5 43. Kf2 Kg7 44. Ke2 Kf6 45. e5+ Kg6 46. g3
h6 47. f4 Bd5 48. Nc5 Bc4+ 49. Kf2 h5 50. h4 gxh4 51. gxh4 Kf7 52. Ke1 Ke7 53.
Kd2 Bf1 54. Nb3 d3 55. Nd4 Bg2 56. Kxd3 Bh3 57. Kc3 Bf1 58. Nxf5+ Ke6 59. Ng3
Bc4 60. Nxh5 Kf5 61. Ng7+ Kg6 62. Ne8 Be2 63. Kd4 Kf5 64. Nd6+ Kxf4 65. e6 1-0

[Event "NB II. Szechenyi csoport"]
[Site "Veszprem"]
[Date "2024.05.12"]
[Round "9.10"]
[White "Lukacs, Imre"]
[Black "Szalay, Istvan"]
[Result "1/2-1/2"]
[WhiteElo "1806"]
[BlackElo "1650"]
[PlyCount "78"]
[EventDate "2023.10.08"]
[EventType "team-tourn"]
[EventRounds "9"]
[EventCountry "HUN"]
[Source "chess.hu"]
[WhiteTeam "Ezust Huszar SE"]
[BlackTeam "Arboretum Hereny SE"]
[WhiteTeamCountry "HUN"]
[BlackTeamCountry "HUN"]

1. e4 e5 2. Nf3 Nc6 3. d4 exd4 4. Nxd4 Nxd4 5. Qxd4 d6 6. Nc3 Be6 7. Be2 h6 8.
O-O Nf6 9. f4 c5 10. Bb5+ Bd7 11. Qa4 Bxb5 12. Nxb5 Nd7 13. Rd1 Qb6 14. Be3 a6
15. Nc3 Qc6 16. Qc4 Nb6 17. Qe2 Be7 18. Nd5 Nxd5 19. Rxd5 O-O 20. Rad1 Rad8 21.
f5 Bf6 22. c3 Rfe8 23. Qg4 Kf8 24. Qf3 Be5 25. Bf4 Qc7 26. f6 Re6 27. Bxe5 Rxe5
28. fxg7+ Kxg7 29. Qg3+ Kh7 30. Qd3 Qe7 31. Rf1 Kg7 32. Rf4 Kf8 33. Kf2 Ke8 34.
Qf3 Rd7 35. h4 Qf8 36. Rf6 Re6 37. Rdf5 Rde7 38. Rf4 Rxf6 39. Rxf6 Re6 1/2-1/2

[Event "NB II. Szechenyi csoport"]
[Site "Veszprem"]
[Date "2024.05.12"]
[Round "9.11"]
[White "Kulcsar, Jozsef"]
[Black "Pohl, Brigitta"]
[Result "1-0"]
[WhiteElo "1628"]
[BlackElo "1570"]
[PlyCount "55"]
[EventDate "2023.10.08"]
[EventType "team-tourn"]
[EventRounds "9"]
[EventCountry "HUN"]
[Source "chess.hu"]
[WhiteTeam "Arboretum Hereny SE"]
[BlackTeam "Ezust Huszar SE"]
[WhiteTeamCountry "HUN"]
[BlackTeamCountry "HUN"]

1. d4 d5 2. c4 e6 3. Nf3 Nc6 4. g3 Nf6 5. Bg2 Be7 6. Nc3 O-O 7. b3 Bb4 8. Bb2
dxc4 9. bxc4 Ne4 10. Qd3 Nxc3 11. Bxc3 Bxc3+ 12. Qxc3 Qf6 13. O-O Rb8 14. e4 b5
15. e5 Qd8 16. cxb5 Rxb5 17. Qxc6 Bd7 18. Qe4 f5 19. Qd3 Ra5 20. Qc3 c6 21. Nd2
Ra6 22. Nc4 Qc7 23. Nd6 Rb8 24. d5 exd5 25. Bxd5+ Kf8 26. Qc5 Ra5 27. Nb5+ Ke8
28. Nxc7+ 1-0

[Event "NB II. Szechenyi csoport"]
[Site "Ajka"]
[Date "2024.05.12"]
[Round "9.1"]
[White "Gyarmati, Janos"]
[Black "Vass, Viktor"]
[Result "0-1"]
[WhiteElo "2041"]
[BlackElo "2144"]
[PlyCount "86"]
[EventDate "2023.10.08"]
[EventType "team-tourn"]
[EventRounds "9"]
[EventCountry "HUN"]
[Source "chess.hu"]
[WhiteTeam "Tapolca Varosi SE II"]
[BlackTeam "Sentimento Ajka BSK "]
[WhiteTeamCountry "HUN"]
[BlackTeamCountry "HUN"]

1. e4 e5 2. Nf3 Nc6 3. d4 exd4 4. Nxd4 Bc5 5. Be3 Qf6 6. c3 Nge7 7. g3 d6 8.
Bg2 a6 9. O-O Ne5 10. h3 Qg6 11. Nd2 h5 12. Kh2 h4 13. g4 d5 14. Nf5 Bxf5 15.
Bxc5 Bxg4 16. hxg4 h3 17. Bf3 Qh6 18. Rg1 Qxd2 19. Bd4 Qf4+ 20. Rg3 dxe4 21.
Bxe5 Qxe5 22. Qa4+ c6 23. Qxe4 Qc5 24. Qe2 O-O-O 25. Re1 Ng6 26. Be4 Nf4 27.
Qc2 g6 28. Ree3 Rd6 29. Rgf3 Qg5 30. Rg3 Rhd8 31. Ref3 Qe5 32. Re3 Qb5 33. c4
Qc5 34. Rgf3 Rd2 35. Qc3 Qg5 36. Kg3 Ne2+ 37. Rxe2 Rxe2 38. Bd3 Rd2 39. Bf1 h2
40. Kxh2 Qh4+ 41. Kg1 Qxg4+ 42. Rg3 Qh4 43. Qe5 Rd1 0-1

[Event "NB II. Szechenyi csoport"]
[Site "Ajka"]
[Date "2024.05.12"]
[Round "9.2"]
[White "Pasti, Zsombor"]
[Black "Heiligermann, Gabor"]
[Result "1-0"]
[WhiteElo "2093"]
[BlackElo "1970"]
[PlyCount "49"]
[EventDate "2023.10.08"]
[EventType "team-tourn"]
[EventRounds "9"]
[EventCountry "HUN"]
[Source "chess.hu"]
[WhiteTeam "Sentimento Ajka BSK "]
[BlackTeam "Tapolca Varosi SE II"]
[WhiteTeamCountry "HUN"]
[BlackTeamCountry "HUN"]

1. d4 d5 2. c4 c6 3. Nc3 Nf6 4. Nf3 Bf5 5. cxd5 cxd5 6. Bf4 e6 7. Qb3 Qb6 8. e3
Qxb3 9. axb3 Bb4 10. Bxb8 Rxb8 11. Bb5+ Ke7 12. Rxa7 Rhc8 13. Ne5 Kf8 14. Be2
Bxc3+ 15. bxc3 Rxc3 16. O-O Rc7 17. g4 Bc2 18. Rc1 Rbc8 19. b4 Ne8 20. Bb5 Nd6
21. Bd7 Be4 22. Rc5 f6 23. Bxc8 Rxc5 24. Nd7+ Ke7 25. Nxc5 1-0

[Event "NB II. Szechenyi csoport"]
[Site "Ajka"]
[Date "2024.05.12"]
[Round "9.3"]
[White "Domonkos, Tamas"]
[Black "Paksa, Rudolf"]
[Result "1/2-1/2"]
[WhiteElo "1951"]
[BlackElo "1986"]
[PlyCount "21"]
[EventDate "2023.10.08"]
[EventType "team-tourn"]
[EventRounds "9"]
[EventCountry "HUN"]
[Source "chess.hu"]
[WhiteTeam "Tapolca Varosi SE II"]
[BlackTeam "Sentimento Ajka BSK "]
[WhiteTeamCountry "HUN"]
[BlackTeamCountry "HUN"]

1. c4 e5 2. Nc3 Nf6 3. g3 d5 4. cxd5 Nxd5 5. Bg2 Nb6 6. Nf3 Nc6 7. O-O Be7 8.
d3 Be6 9. a3 a5 10. Be3 O-O 11. Rc1 1/2-1/2

[Event "NB II. Szechenyi csoport"]
[Site "Ajka"]
[Date "2024.05.12"]
[Round "9.4"]
[White "Mihalyfi, Gabor"]
[Black "Bencze, Balazs Dominik"]
[Result "1-0"]
[WhiteElo "1904"]
[BlackElo "1853"]
[PlyCount "55"]
[EventDate "2023.10.08"]
[EventType "team-tourn"]
[EventRounds "9"]
[EventCountry "HUN"]
[Source "chess.hu"]
[WhiteTeam "Sentimento Ajka BSK "]
[BlackTeam "Tapolca Varosi SE II"]
[WhiteTeamCountry "HUN"]
[BlackTeamCountry "HUN"]

1. d4 Nf6 2. g3 g6 3. Bg2 d5 4. Nf3 Bg7 5. O-O O-O 6. c4 c6 7. Nc3 b6 8. Bf4
Bb7 9. Qc2 Nbd7 10. a4 Nh5 11. Be3 e5 12. dxe5 Nxe5 13. Nxe5 Bxe5 14. cxd5 cxd5
15. Rfd1 Rc8 16. Qb3 Qf6 17. Bxd5 Ba6 18. Ne4 Qg7 19. Rd2 Nf6 20. Nxf6+ Bxf6
21. a5 bxa5 22. Bxa7 Rcd8 23. e4 Rfe8 24. Rad1 Re7 25. Bxf7+ Qxf7 26. Rxd8+ Kg7
27. Qxf7+ Rxf7 28. Bd4 1-0

[Event "NB II. Szechenyi csoport"]
[Site "Ajka"]
[Date "2024.05.12"]
[Round "9.9"]
[White "Molnar, Tibor"]
[Black "Ludvai, Zsolt"]
[Result "1/2-1/2"]
[WhiteElo "1723"]
[BlackElo "1868"]
[PlyCount "20"]
[EventDate "2023.10.08"]
[EventType "team-tourn"]
[EventRounds "9"]
[EventCountry "HUN"]
[Source "chess.hu"]
[WhiteTeam "Tapolca Varosi SE II"]
[BlackTeam "Sentimento Ajka BSK "]
[WhiteTeamCountry "HUN"]
[BlackTeamCountry "HUN"]

1. e4 e6 2. d4 d5 3. exd5 exd5 4. Nf3 Nc6 5. Nc3 Bb4 6. Bb5 Bd7 7. Qd3 Nge7 8.
O-O O-O 9. a3 Bxc3 10. Qxc3 a6 1/2-1/2

[Event "NB II. Szechenyi csoport"]
[Site "Ajka"]
[Date "2024.05.12"]
[Round "9.10"]
[White "Vincze, Otto"]
[Black "Lukacs, Levente"]
[Result "1/2-1/2"]
[WhiteElo "1800"]
[BlackElo "1550"]
[PlyCount "42"]
[EventDate "2023.10.08"]
[EventType "team-tourn"]
[EventRounds "9"]
[EventCountry "HUN"]
[Source "chess.hu"]
[WhiteTeam "Sentimento Ajka BSK "]
[BlackTeam "Tapolca Varosi SE II"]
[WhiteTeamCountry "HUN"]
[BlackTeamCountry "HUN"]

1. e4 c5 2. c3 e6 3. d4 cxd4 4. cxd4 d6 5. Nf3 Nf6 6. Nc3 Be7 7. Bd3 Nc6 8. O-O
O-O 9. h3 Nd7 10. Be3 a6 11. a3 h6 12. Rc1 Re8 13. Bb1 Bf6 14. Qd3 e5 15. d5
Ne7 16. Ne2 b5 17. Ng3 Bb7 18. Nh2 Bh4 19. Ne2 Bg5 20. Bxg5 hxg5 21. b4 Nb6
1/2-1/2

[Event "NB II. Szechenyi csoport"]
[Site "Ajka"]
[Date "2024.05.12"]
[Round "9.11"]
[White "Torok, Gergo"]
[Black "Halaszi, Csaba Peter"]
[Result "0-1"]
[WhiteElo "1472"]
[BlackElo "1776"]
[PlyCount "126"]
[EventDate "2023.10.08"]
[EventType "team-tourn"]
[EventRounds "9"]
[EventCountry "HUN"]
[Source "chess.hu"]
[WhiteTeam "Tapolca Varosi SE II"]
[BlackTeam "Sentimento Ajka BSK "]
[WhiteTeamCountry "HUN"]
[BlackTeamCountry "HUN"]

1. d4 d5 2. Nf3 Nf6 3. g3 Nbd7 4. Bg2 b6 5. O-O Bb7 6. Bf4 e6 7. h3 Bd6 8. Ne5
O-O 9. Nd2 Qe7 10. Ndf3 Ne4 11. Nd2 Nxd2 12. Qxd2 c5 13. e3 Bxe5 14. Bxe5 Nxe5
15. dxe5 Qg5 16. Qc3 Rfd8 17. h4 Qf5 18. f4 Qg4 19. Kh2 d4 20. exd4 Bxg2 21.
Kxg2 Rxd4 22. Qf3 Rd2+ 23. Rf2 Qxf3+ 24. Kxf3 Rad8 25. Rxd2 Rxd2 26. Rc1 f6 27.
exf6 gxf6 28. Ke3 Rd5 29. c4 Rd4 30. b3 Kf7 31. g4 e5 32. Rf1 Ke6 33. g5 f5 34.
h5 e4 35. Rg1 Rd3+ 36. Ke2 Rh3 37. g6 hxg6 38. hxg6 Rh8 39. a3 Rg8 40. b4 cxb4
41. axb4 Rg7 42. Ke3 a5 43. b5 a4 44. Kd4 Kf6 45. c5 bxc5+ 46. Kxc5 Rxg6 47.
Rxg6+ Kxg6 48. b6 a3 49. b7 a2 50. b8=Q a1=Q 51. Qd6+ Qf6 52. Qd2 Kh5 53. Qe2+
Kh4 54. Qh2+ Kg4 55. Qf2 Qc3+ 56. Kd5 Qf3 57. Qg1+ Kxf4 58. Qc1+ e3+ 59. Kd4
Qe4+ 60. Kc3 Qc6+ 61. Kb2 Qxc1+ 62. Kxc1 Kf3 63. Kd1 Kf2 0-1

[Event "NB II. Szechenyi csoport"]
[Site "Ajka"]
[Date "2024.05.12"]
[Round "9.12"]
[White "Horvath, Matyas Sandor"]
[Black "Torok, Gyula"]
[Result "1-0"]
[WhiteElo "1744"]
[BlackElo "1615"]
[PlyCount "49"]
[EventDate "2023.10.08"]
[EventType "team-tourn"]
[EventRounds "9"]
[EventCountry "HUN"]
[Source "chess.hu"]
[WhiteTeam "Sentimento Ajka BSK "]
[BlackTeam "Tapolca Varosi SE II"]
[WhiteTeamCountry "HUN"]
[BlackTeamCountry "HUN"]

1. e4 c5 2. Nf3 e6 3. d4 cxd4 4. Nxd4 a6 5. Bd3 Qc7 6. Be3 Nf6 7. O-O Be7 8.
Nc3 O-O 9. Nb3 b5 10. a4 b4 11. Ne2 Bd6 12. h3 Bb7 13. f3 Be5 14. Rb1 d5 15. f4
dxe4 16. fxe5 Qc6 17. Bb5 axb5 18. axb5 Qxb5 19. exf6 gxf6 20. Rxf6 Nd7 21.
Ned4 Qd5 22. Rf1 Ba6 23. Bh6 Rfe8 24. Qg4+ Kh8 25. Qg7# 1-0

[Event "NB II. Szechenyi csoport"]
[Site "Szombathely"]
[Date "2024.05.12"]
[Round "9.4"]
[White "Rovid, Kalman"]
[Black "Elo, Istvan"]
[Result "1-0"]
[WhiteElo "2147"]
[BlackElo "1966"]
[PlyCount "109"]
[EventDate "2023.10.08"]
[EventType "team-tourn"]
[EventRounds "9"]
[EventCountry "HUN"]
[Source "chess.hu"]
[WhiteTeam "Haladas VSE III."]
[BlackTeam "Sarvari Sakk Club SE"]
[WhiteTeamCountry "HUN"]
[BlackTeamCountry "HUN"]

1. e4 d6 2. d4 Nf6 3. Bd3 g6 4. f4 Bg7 5. Nf3 c6 6. O-O Bg4 7. h3 Bxf3 8. Qxf3
O-O 9. c3 Nbd7 10. Nd2 Rc8 11. Rf2 e5 12. dxe5 dxe5 13. f5 Nc5 14. Bc2 Qc7 15.
Nf1 Rcd8 16. Be3 Nd3 17. Bxd3 Rxd3 18. g4 Bh6 19. Re1 Bxe3 20. Rxe3 Rxe3 21.
Nxe3 Qd6 22. Nc4 Qc5 23. Qd3 b5 24. Ne3 a5 25. Kg2 Qe7 26. Rd2 Rc8 27. Kf3 g5
28. c4 b4 29. Qd6 Kf8 30. c5 Qxd6 31. Rxd6 Ke7 32. Nc4 Nd7 33. f6+ Ke8 34. Nxa5
Nxc5 35. Rxc6 Rxc6 36. Nxc6 b3 37. axb3 Nxb3 38. Nxe5 Nc5 39. b4 Nb7 40. Ke3
Nd6 41. Kd4 Kd8 42. Nf3 h6 43. e5 Nb7 44. h4 gxh4 45. Nxh4 Kd7 46. Nf5 Ke6 47.
Nxh6 Nd8 48. b5 Nb7 49. Nf5 Na5 50. Ng7+ Kd7 51. g5 Nb7 52. Kd5 Nd8 53. b6 Nb7
54. e6+ fxe6+ 55. Nxe6 1-0

[Event "NB II. Szechenyi csoport"]
[Site "Szombathely"]
[Date "2024.05.12"]
[Round "9.5"]
[White "Szep, Milan"]
[Black "Joo, Gabor"]
[Result "0-1"]
[WhiteElo "1984"]
[BlackElo "1953"]
[PlyCount "64"]
[EventDate "2023.10.08"]
[EventType "team-tourn"]
[EventRounds "9"]
[EventCountry "HUN"]
[Source "chess.hu"]
[WhiteTeam "Sarvari Sakk Club SE"]
[BlackTeam "Haladas VSE III."]
[WhiteTeamCountry "HUN"]
[BlackTeamCountry "HUN"]

1. e4 c5 2. Nf3 d6 3. d4 cxd4 4. Nxd4 Nf6 5. Bd3 g6 6. O-O Bg7 7. Kh1 O-O 8. f4
Qb6 9. Nb3 Ng4 10. Qe1 Nc6 11. h3 Nf6 12. Be3 Qc7 13. c3 b6 14. N1d2 Bb7 15.
Qh4 Nd7 16. Nf3 Nc5 17. Nxc5 dxc5 18. e5 Rad8 19. Bc2 Ba6 20. Ng5 h6 21. e6
hxg5 22. fxg5 Bxf1 23. exf7+ Rxf7 24. Bxg6 e6 25. Qh7+ Kf8 26. Bxf7 Qxf7 27. g6
Bd3 28. Qh4 Qxg6 29. Bg5 Rd5 30. Bf4 Rh5 31. Bd6+ Kg8 32. Qf2 Be4 0-1

[Event "NB II. Szechenyi csoport"]
[Site "Szombathely"]
[Date "2024.05.12"]
[Round "9.6"]
[White "Gutmann, Alois"]
[Black "Porpaczy, Lajos"]
[Result "1/2-1/2"]
[WhiteElo "1985"]
[BlackElo "2084"]
[PlyCount "34"]
[EventDate "2023.10.08"]
[EventType "team-tourn"]
[EventRounds "9"]
[EventCountry "HUN"]
[Source "chess.hu"]
[WhiteTeam "Haladas VSE III."]
[BlackTeam "Sarvari Sakk Club SE"]
[WhiteTeamCountry "HUN"]
[BlackTeamCountry "HUN"]

1. Nc3 g6 2. h4 Nf6 3. e4 d6 4. Be2 h5 5. d4 Bg7 6. Nh3 Bxh3 7. Rxh3 c6 8. Be3
Qc7 9. f4 Nbd7 10. e5 Nd5 11. e6 fxe6 12. Qd3 Nf8 13. Nxd5 cxd5 14. O-O-O Bf6
15. Kb1 a6 16. Rg1 O-O-O 17. Bf2 e5 1/2-1/2

[Event "NB II. Szechenyi csoport"]
[Site "Szombathely"]
[Date "2024.05.12"]
[Round "9.7"]
[White "Szokolszky, Miklos"]
[Black "Varga, Tibor"]
[Result "1-0"]
[WhiteElo "1942"]
[BlackElo "2017"]
[PlyCount "91"]
[EventDate "2023.10.08"]
[EventType "team-tourn"]
[EventRounds "9"]
[EventCountry "HUN"]
[Source "chess.hu"]
[WhiteTeam "Sarvari Sakk Club SE"]
[BlackTeam "Haladas VSE III."]
[WhiteTeamCountry "HUN"]
[BlackTeamCountry "HUN"]

1. e4 e5 2. Nf3 d6 3. Bc4 Be7 4. O-O Nf6 5. Re1 O-O 6. c3 c6 7. d4 Qc7 8. Bg5
b5 9. Bb3 Bb7 10. a4 a6 11. axb5 axb5 12. Rxa8 Bxa8 13. Nbd2 Nbd7 14. Nh4 c5
15. Nf5 Nb6 16. d5 c4 17. Bc2 Nfxd5 18. Bh6 gxh6 19. Qg4+ Bg5 20. Nxh6+ Kh8 21.
Qxg5 f6 22. Qh4 Nf4 23. Re3 Qg7 24. g3 Ng6 25. Qh5 Bc6 26. Kf1 Qa7 27. Re1 Qa2
28. Rb1 Bd7 29. Nf5 Nc8 30. Nf3 b4 31. cxb4 c3 32. N3h4 Nxh4 33. Nxh4 Be8 34.
Qe2 cxb2 35. Bd3 Nb6 36. Rxb2 Qe6 37. Nf5 Bc6 38. b5 Bb7 39. Rc2 Ra8 40. Qg4
Rg8 41. Qh4 Nd7 42. Rc7 Qb3 43. Rxb7 Qxd3+ 44. Kg2 Rd8 45. Rxd7 Rxd7 46. Qxf6+
1-0

[Event "NB II. Szechenyi csoport"]
[Site "Szombathely"]
[Date "2024.05.12"]
[Round "9.8"]
[White "Horvath, Reka"]
[Black "Katona, Janos"]
[Result "1-0"]
[WhiteElo "2009"]
[BlackElo "1901"]
[PlyCount "69"]
[EventDate "2023.10.08"]
[EventType "team-tourn"]
[EventRounds "9"]
[EventCountry "HUN"]
[Source "chess.hu"]
[WhiteTeam "Haladas VSE III."]
[BlackTeam "Sarvari Sakk Club SE"]
[WhiteTeamCountry "HUN"]
[BlackTeamCountry "HUN"]

1. Nf3 d5 2. g3 c5 3. Bg2 Nc6 4. d4 e6 5. O-O Nf6 6. b3 cxd4 7. Nxd4 Bd7 8. Bb2
g6 9. e4 dxe4 10. Nxc6 bxc6 11. Nd2 Rg8 12. Nc4 Be7 13. Be5 Nd5 14. Nd6+ Bxd6
15. Bxd6 f5 16. c4 Nf6 17. Qd4 Kf7 18. Rad1 Be8 19. f3 exf3 20. Bxf3 Qb6 21. c5
Qb7 22. Qh4 h5 23. Be5 Qe7 24. Qc4 Nd5 25. Rfe1 Bd7 26. Bd6 Qg5 27. Qa6 Qd8 28.
Bxd5 cxd5 29. b4 Qc8 30. Qe2 Re8 31. b5 Qd8 32. Rb1 Qa5 33. Qb2 a6 34. b6 Bb5
35. Qe5 1-0

[Event "NB II. Szechenyi csoport"]
[Site "Szombathely"]
[Date "2024.05.12"]
[Round "9.9"]
[White "Gal, Cintia"]
[Black "Toth, Tibor"]
[Result "1-0"]
[WhiteElo "1814"]
[BlackElo "1965"]
[PlyCount "35"]
[EventDate "2023.10.08"]
[EventType "team-tourn"]
[EventRounds "9"]
[EventCountry "HUN"]
[Source "chess.hu"]
[WhiteTeam "Sarvari Sakk Club SE"]
[BlackTeam "Haladas VSE III."]
[WhiteTeamCountry "HUN"]
[BlackTeamCountry "HUN"]

1. e4 d5 2. exd5 Nf6 3. Bb5+ Bd7 4. Bxd7+ Qxd7 5. c4 c6 6. dxc6 Nxc6 7. Nc3
O-O-O 8. Nf3 e5 9. O-O e4 10. Ng5 Qf5 11. Nxf7 Bc5 12. Nxd8 Rxd8 13. Nd5 Nd4
14. Nxf6 Nf3+ 15. gxf3 exf3 16. Kh1 gxf6 17. Rg1 Bxf2 18. Rf1 1-0

[Event "NB II. Szechenyi csoport"]
[Site "Szombathely"]
[Date "2024.05.12"]
[Round "9.10"]
[White "Farkas, Renata"]
[Black "Talaber, Istvan"]
[Result "1-0"]
[WhiteElo "1983"]
[BlackElo "1829"]
[PlyCount "85"]
[EventDate "2023.10.08"]
[EventType "team-tourn"]
[EventRounds "9"]
[EventCountry "HUN"]
[Source "chess.hu"]
[WhiteTeam "Haladas VSE III."]
[BlackTeam "Sarvari Sakk Club SE"]
[WhiteTeamCountry "HUN"]
[BlackTeamCountry "HUN"]

1. d4 g6 2. c4 Bg7 3. Nc3 Nf6 4. e4 d6 5. Be2 O-O 6. Bg5 Nbd7 7. Qd2 e5 8. d5
a6 9. g4 Qe8 10. h4 Nc5 11. f3 b6 12. h5 Nfd7 13. Nh3 f6 14. Be3 Qf7 15. hxg6
hxg6 16. O-O-O g5 17. Nf2 Qg6 18. Rh5 Kf7 19. Rdh1 Ke7 20. R1h2 Rg8 21. Nh1 Nf8
22. Ng3 Qe8 23. Nf5+ Bxf5 24. gxf5 Nb7 25. Kb1 Nd8 26. R5h3 Nf7 27. Bd1 Nd7 28.
Ba4 Nd8 29. Rh7 Qf7 30. Ne2 Nc5 31. Bd1 Ndb7 32. Ng3 Rh8 33. Qe1 Rxh7 34. Rxh7
Rh8 35. Rxh8 Bxh8 36. Qh1 Qg7 37. Qh5 Nd7 38. Ba4 Kd8 39. b4 Ke7 40. Kb2 Nd8
41. Qg6 Nf7 42. Nh5 Qf8 43. Bxd7 1-0

[Event "NB II. Szechenyi csoport"]
[Site "Szombathely"]
[Date "2024.05.12"]
[Round "9.11"]
[White "Havasi, Jozsef"]
[Black "Bardics, Marko"]
[Result "0-1"]
[WhiteElo "1767"]
[BlackElo "1903"]
[PlyCount "98"]
[EventDate "2023.10.08"]
[EventType "team-tourn"]
[EventRounds "9"]
[EventCountry "HUN"]
[Source "chess.hu"]
[WhiteTeam "Sarvari Sakk Club SE"]
[BlackTeam "Haladas VSE III."]
[WhiteTeamCountry "HUN"]
[BlackTeamCountry "HUN"]

1. e4 c5 2. b3 d6 3. Bb2 Nc6 4. Bb5 Bd7 5. Bxc6 Bxc6 6. d3 Nf6 7. Nf3 e6 8. h3
Be7 9. Nbd2 O-O 10. Nh2 Qc7 11. O-O Rac8 12. Qe2 Rfd8 13. Rab1 a6 14. Rfe1 b5
15. c4 Qb8 16. Bxf6 Bxf6 17. Ndf3 Qc7 18. Ng4 Be7 19. Rbd1 Qb7 20. Rb1 Re8 21.
Ne3 Bf8 22. Nh2 d5 23. f3 Bd6 24. Nhf1 Be5 25. Nc2 f5 26. cxd5 exd5 27. Qf2
fxe4 28. f4 Bc3 29. Red1 exd3 30. Rxd3 d4 31. Rbd1 Bxg2 32. Qxg2 Qxg2+ 33. Kxg2
Re2+ 34. Kf3 Rxc2 35. Rb1 Rxa2 36. Ng3 Rh2 37. Kg4 Re8 38. Nf5 Rg2+ 39. Kf3
Rge2 40. Kg4 R8e6 41. Kf3 g6 42. Nh6+ Kg7 43. Ng4 Rb2 44. Rxb2 Bxb2 45. Ne5 h6
46. Ke4 c4 47. Rg3 d3 48. f5 Rxe5+ 49. Kf4 Rxf5+ 0-1

[Event "NB II. Szechenyi csoport"]
[Site "Szombathely"]
[Date "2024.05.12"]
[Round "9.12"]
[White "Bolla, Zsofia"]
[Black "Andras, Ferenc"]
[Result "1-0"]
[WhiteElo "1683"]
[BlackElo "1567"]
[PlyCount "105"]
[EventDate "2023.10.08"]
[EventType "team-tourn"]
[EventRounds "9"]
[EventCountry "HUN"]
[Source "chess.hu"]
[WhiteTeam "Haladas VSE III."]
[BlackTeam "Sarvari Sakk Club SE"]
[WhiteTeamCountry "HUN"]
[BlackTeamCountry "HUN"]

1. e4 d5 2. exd5 Qxd5 3. Nf3 Nf6 4. d4 c6 5. c4 Qd8 6. Nc3 Bf5 7. Bf4 Nbd7 8.
Bd3 Bxd3 9. Qxd3 e6 10. O-O Qa5 11. a3 Be7 12. Rfe1 O-O 13. Rad1 Rad8 14. Qe2
Rfe8 15. h3 h6 16. Qc2 Nf8 17. Ne5 N8d7 18. Nf3 Nf8 19. Ne4 Ng6 20. Bg3 Rd7 21.
Rd2 Red8 22. Red1 Nxe4 23. Qxe4 Bf6 24. Qe3 Re8 25. Bh2 Qa4 26. b4 b5 27. c5
Rd5 28. Rd3 Qa6 29. Nd2 e5 30. f4 Qc8 31. fxe5 Bg5 32. Qf3 Nh4 33. Qe2 Red8 34.
Ne4 Be7 35. Bg3 Nf5 36. Bf2 Qe6 37. g4 Nh4 38. Bxh4 Bxh4 39. Qf3 Qg6 40. Nc3
R5d7 41. Ne4 Bg5 42. Nd6 Be7 43. Qxc6 h5 44. Qf3 hxg4 45. Qxg4 Qh6 46. Nf5 Qh7
47. Rg3 g6 48. Nd6 Bh4 49. Rgd3 Qh6 50. Nxb5 Kg7 51. Nd6 Bg5 52. Rg3 Bh4 53.
Nf5+ 1-0

[Event "NB II. Toth Laszlo csoport"]
[Site "Mako"]
[Date "2023.10.08"]
[Round "1.1"]
[White "Kunos, Zoltan"]
[Black "Udvardi, Zalan"]
[Result "0-1"]
[WhiteElo "2075"]
[BlackElo "2254"]
[PlyCount "76"]
[EventDate "2023.10.08"]
[EventType "team-tourn"]
[EventRounds "9"]
[EventCountry "HUN"]
[Source "chess.hu"]
[WhiteTeam "Oroshazi SE"]
[BlackTeam "Duocor-Makoi SVSE II"]
[WhiteTeamCountry "HUN"]
[BlackTeamCountry "HUN"]

1. d4 Nf6 2. Bf4 d5 3. Nc3 c5 4. e3 cxd4 5. exd4 a6 6. Nf3 Nc6 7. Be2 Bf5 8.
O-O e6 9. Bd3 Bg4 10. Be2 Bd6 11. Ne5 Bxe2 12. Nxe2 Qc7 13. Nxc6 Qxc6 14. c3
O-O 15. Be5 Ng4 16. Bxd6 Qxd6 17. Ng3 Nf6 18. Qe2 b5 19. f4 b4 20. Rac1 Rab8
21. f5 Rfe8 22. Qd3 bxc3 23. bxc3 e5 24. dxe5 Qxe5 25. Rf3 h5 26. Rf2 h4 27.
Re2 Qd6 28. Nf1 Qb6+ 29. Kh1 Rxe2 30. Qxe2 Re8 31. Qc2 Ne4 32. h3 Rc8 33. Rb1
Qa7 34. Qb3 Nxc3 35. Rc1 Qf2 36. Qb7 Rc4 37. Qb8+ Kh7 38. Nh2 Ne2 0-1

[Event "NB II. Toth Laszlo csoport"]
[Site "Mako"]
[Date "2023.10.08"]
[Round "1.2"]
[White "Farkas, Tibor"]
[Black "Kakuk, Sandor"]
[Result "1/2-1/2"]
[WhiteElo "2210"]
[BlackElo "2030"]
[PlyCount "38"]
[EventDate "2023.10.08"]
[EventType "team-tourn"]
[EventRounds "9"]
[EventCountry "HUN"]
[Source "chess.hu"]
[WhiteTeam "Duocor-Makoi SVSE II"]
[BlackTeam "Oroshazi SE"]
[WhiteTeamCountry "HUN"]
[BlackTeamCountry "HUN"]

1. d4 d5 2. c4 e6 3. Nc3 Nf6 4. cxd5 exd5 5. Bg5 Be7 6. e3 O-O 7. Bd3 c6 8. Qc2
Nbd7 9. Nge2 Re8 10. O-O Nf8 11. Rad1 Bg4 12. f3 Bh5 13. Nf4 Bg6 14. Nxg6 Nxg6
15. Rfe1 Nh5 16. Bxe7 Qxe7 17. a3 Rad8 18. Bf5 Qg5 19. Bxg6 hxg6 1/2-1/2

[Event "NB II. Toth Laszlo csoport"]
[Site "Mako"]
[Date "2023.10.08"]
[Round "1.3"]
[White "Gyori, Szabolcs"]
[Black "Kecskemeti, Arpad"]
[Result "0-1"]
[WhiteElo "2109"]
[BlackElo "2185"]
[PlyCount "82"]
[EventDate "2023.10.08"]
[EventType "team-tourn"]
[EventRounds "9"]
[EventCountry "HUN"]
[Source "chess.hu"]
[WhiteTeam "Oroshazi SE"]
[BlackTeam "Duocor-Makoi SVSE II"]
[WhiteTeamCountry "HUN"]
[BlackTeamCountry "HUN"]

1. d4 Nf6 2. Nf3 g6 3. c4 Bg7 4. Nc3 O-O 5. e4 d6 6. Be2 Nbd7 7. O-O c6 8. h3
e5 9. d5 c5 10. Ne1 Ne8 11. Nd3 f5 12. f4 Qe7 13. Bf3 Nef6 14. Re1 fxe4 15.
Nxe4 Nxe4 16. Bxe4 Qh4 17. Qg4 Qxg4 18. hxg4 exf4 19. Bxf4 Bxb2 20. Rab1 Bc3
21. Bxd6 Rf6 22. Be7 Bxe1 23. Bxf6 Nxf6 24. Rxe1 Bxg4 25. Nxc5 Re8 26. Kf2 b6
27. Ne6 Bxe6 28. dxe6 Nxe4+ 29. Rxe4 Kg7 30. Ke3 Kf6 31. Kd4 Rxe6 32. Rf4+ Kg7
33. Rf2 h5 34. Kd5 Rf6 35. Rd2 Kh6 36. Re2 Kg5 37. Re7 Rf5+ 38. Kc6 Ra5 39. Re2
Kg4 40. Kd6 g5 41. Ke6 Kg3 0-1